000 00603nam a22002177a 4500
003 OSt
005 20140310181743.0
008 130126t xxu||||| |||| 00| 0 eng d
020 _a9715223184
050 _aBV4501.2
_b.B126 1987
082 _aFIL 262.1
_bB12 1997
245 _aSoar high :
_cBaclig, Mario Villegas
_bintegrating values and religious education /
260 _aManila :
_bSalesiana Publishers Inc. ,
_c1987
300 _a216 p. ;
_c22 cm.
521 _aCollege
526 _c1210L-1700L
541 _j1,2
541 _j2
562 _e2
942 _2lcc
_cBK-FIL
_kFIL
999 _c2859
_d2859